000 00685nam a22002057a 4500
999 _c1364
_d1364
003 AR-CdUCM
008 190226b ||||| |||| 00| 0 spa d
040 _aMUNICIPALIDAD PROVINCIAL DEL CUSCO
_cBIBLIOTECA MUNICIPAL DEL CUSCO
082 _21ra. ed.
_a395 /
_bM77
100 _aMontes Ataucuri, Edmundo
_95216
245 _aEl mundo de los Muertos en la Cosmovision Andina
_cMontes Ataucuri, Edmundo
260 _aCusco - PerĂº:
_bCADEP ,
_c2010.
300 _a156 paginas :
_c20.5 cm.
650 _aCosmovision Andina.
_95217
650 _aPeru Andino.
_95218
650 _aAndino.
_9419
700 _aMontes Ataucuri, Edmundo
_95216
942 _2ddc
_cLIBROS
945 _artm
_d2019-02-26